00471 2200193 4500001002100000005001500021035002000036007000300056008004100059020002200100082000800122084001400130100000900144245005000153260002600203300001700229650001200246856001900258INLIS00000000000817020260127103854 a0010-0126000167ta260127 0 ind  a978-623-203-377-1 a615 a615 YUS p0 aYUSI1 aPANDUAN PENERAPAN PHARMACEUTICAL CARE /cYUSI aJAKARTA :bEGC,c2024 a166 ;c25 cm 4aFARMASI aALUMNI FARMASI